El escultor Nicolás de Bussy / (Record no. 138165)

MARC details
000 -LEADER
campo de control de longitud fija 00604nam a2200169 4500
001 - NÚMERO DE CONTROL
campo de control 138165
003 - IDENTIFICADOR DE NÚMERO DE CONTROL
campo de control ES-MaACL
005 - FECHA Y HORA DE LA ÚLTIMA TRANSACCIÓN
campo de control 20230906195521.0
007 - CAMPO FIJO DE DESCRIPCIÓN FÍSICA--INFORMACIÓN GENERAL
campo de control de longitud fija t|
008 - DATOS DE LONGITUD FIJA--INFORMACIÓN GENERAL
campo de control de longitud fija 070214s1982 sp r ||||1| spa d
100 1# - ENTRADA PRINCIPAL--NOMBRE DE PERSONA
Nombre de persona Sánchez-Rojas Fenoll, María del Carmen.
9 (RLIN) 102896
245 13 - MENCIÓN DEL TÍTULO
Título El escultor Nicolás de Bussy /
Mención de responsabilidad, etc. María del Carmen Sánchez-Rojas Fenoll.
260 ## - PUBLICACIÓN, DISTRIBUCIÓN, ETC.
Lugar de publicación, distribución, etc. Murcia :
Nombre del editor, distribuidor, etc. Universidad, Departamento de Historia del Arte,
Fecha de publicación, distribución, etc. 1982.
300 ## - DESCRIPCIÓN FÍSICA
Extensión 132 p., 36 lám. ;
Dimensiones 22 cm.
710 2# - ENTRADA AGREGADA--NOMBRE DE ENTIDAD CORPORATIVA
Nombre de entidad corporativa o nombre de jurisdicción como elemento de entrada Universidad de Murcia.
Unidad subordinada Departamento de Historia del Arte.
9 (RLIN) 7237
852 ## - LOCALIZACIÓN
Ubicación ES-MaACL
Número de control de estantería L-5151
Sublocalización o colección R.105304
Holdings
Estatus retirado Estado de pérdida Estado de daño No para préstamo Biblioteca de origen Biblioteca actual Ubicación en estantería Fecha de adquisición Fuente de adquisición Total de préstamos Signatura topográfica completa Código de barras Visto por última vez Precio de reemplazo Tipo de ítem Koha
        Biblioteca del Ateneo de Madrid Biblioteca del Ateneo de Madrid Depósito 2 17/01/2008     L-5151 1143771 23/02/2023 23/02/2023 Libro impreso